000
00285nam a22001217a 4500
008
190201b xxu||||| |||| 00| 0 eng d
041
_a
eng
080
_a
159.9
100
_a
49
101
_a
PSI
245
_a
Dictionary of Behavior Therapy Techniques
_c
Bellack, A.S
942
_2
udc
_c
BK
999
_c
53901
_d
53901